000 00547nam a2200181 4500
001 108827
003 ES-MaACL
005 20230906184721.0
007 t|
008 061121s1966 sp r ||||1| spa d
100 1 _aMouskhely, Michel.
_983915
245 1 3 _aEl gobierno de la U.R.S.S. /
_cM. Mouskheli; traducción de Tomás Alcoverro Muntané.
260 _aMadrid :
_bTechnos,
_c1966.
300 _a438 p. ;
_c23 cm.
700 1 _aAlcoverro, Tomás.
_919590
852 _aES-MaACL
_jC-30248
_bR.60852
852 _aES-MaACL
_jL-1606
_bR.102608
999 _c108827
_d108827